[Event "Budapest Vezerkepzo Fall GM"]
[Site "Budapest"]
[Date "2023.10.31"]
[Round "3"]
[White "Gutla, Aryan"]
[Black "Deuer, Marius"]
[Result "1-0"]
[WhiteElo "2308"]
[BlackElo "2462"]
[PlyCount "141"]
[EventDate "2023.10.30"]
[EventType "tourn"]
[EventRounds "9"]
[EventCountry "HUN"]
[EventCategory "7"]
[SourceTitle "Mega2024 Update 01"]
[Source "Chessbase"]
[SourceDate "2023.11.12"]
[SourceVersion "1"]
[SourceVersionDate "2023.11.12"]
[SourceQuality "1"]

1. d4 Nf6 2. c4 e6 3. Nf3 b6 4. g3 Ba6 5. b3 Bb4+ 6. Bd2 Be7 7. Nc3 d5 8. Bg2 0-0 9. cxd5 exd5 10. 0-0 Re8 11. Qb1 Bb4 12. Rc1 Bxc3 13. Rxc3 Ne4 14. Re3 Nd7 15. Qb2 Qf6 16. Rc1 c5 17. Bc3 Nxc3 18. Qxc3 Bxe2 19. dxc5 bxc5 20. Qxf6 gxf6 21. Nh4 Rxe3 22. fxe3 Re8 23. Bh3 Bb5 24. Bxd7 Bxd7 25. Rxc5 Rxe3 26. Rxd5 Bg4 27. Nf5 Bxf5 28. Rxf5 Re6 29. Kf2 Ra6 30. a4 Rc6 31. Ra5 a6 32. b4 Rc4 33. b5 axb5 34. axb5 Rc2+ 35. Ke3 Rxh2 36. Kd4 Rb2 37. Kc5 Kf8 38. b6 Ke7 39. Rb5 Rc2+ 40. Kd5 Rd2+ 41. Ke4 Rd8 42. g4 Rb8 43. Kf5 Kd6 44. Kxf6 Kc6 45. Rb1 Kb7 46. Kxf7 Rd8 47. Rb4 Rd7+ 48. Ke6 Rg7 49. Kf6 Rg6+ 50. Kf5 Rg7 51. g5 Rf7+ 52. Kg4 Rf1 53. Kh5 Rf7 54. Kh6 Re7 55. Rb5 Rf7 56. Re5 Kxb6 57. Re8 Kc6 58. Rh8 Kd6 59. Rxh7 Rf1 60. Kg7 Ra1 61. g6 Ke6 62. Rh2 Rg1 63. Rf2 Ke7 64. Re2+ Kd7 65. Kh7 Rh1+ 66. Kg8 Rg1 67. g7 Rh1 68. Re4 Kd8 69. Kf7 Rf1+ 70. Kg6 Rg1+ 71. Kf6 1-0

[Event "Budapest Vezerkepzo Fall GM"]
[Site "Budapest"]
[Date "2023.10.31"]
[Round "2"]
[White "Nesterov, Arseniy"]
[Black "Gutla, Aryan"]
[Result "1-0"]
[WhiteElo "2575"]
[BlackElo "2308"]
[PlyCount "155"]
[EventDate "2023.10.30"]
[EventType "tourn"]
[EventRounds "9"]
[EventCountry "HUN"]
[EventCategory "7"]
[SourceTitle "Mega2024 Update 01"]
[Source "Chessbase"]
[SourceDate "2023.11.12"]
[SourceVersion "1"]
[SourceVersionDate "2023.11.12"]
[SourceQuality "1"]

1. d4 d5 2. c4 c6 3. Nf3 Nf6 4. e3 Bf5 5. Nc3 e6 6. Nh4 Bg6 7. Be2 Nbd7 8. 0-0 Bd6 9. h3 0-0 10. Nxg6 hxg6 11. Bd2 a6 12. a3 dxc4 13. Bxc4 c5 14. Be2 cxd4 15. exd4 Nb6 16. Bf3 Qd7 17. Qb3 Nbd5 18. g3 Be7 19. Rfe1 Rfd8 20. Bg5 Rab8 21. Rac1 b5 22. Nxd5 Nxd5 23. Bxe7 Nxe7 24. Red1 Rb6 25. a4 Qa7 26. axb5 Rxb5 27. Qa3 Rdb8 28. Qd6 Nf5 29. Rc7 Nxd6 30. Rxa7 Rb3 31. Bg2 Rxb2 32. Rxa6 Nf5 33. d5 exd5 34. Bxd5 Rb1 35. Rxb1 Rxb1+ 36. Kg2 Rb8 37. Ra7 Nh6 38. g4 Rd8 39. Ba2 g5 40. h4 Rf8 41. hxg5 Nxg4 42. Kg3 Ne5 43. f4 Nc6 44. Rc7 Nb4 45. Bc4 g6 46. Kf3 Nc2 47. Ke4 Na3 48. Bd3 Re8+ 49. Kd4 Rd8+ 50. Kc3 Rb8 51. Rd7 Kf8 52. Rd5 Nb1+ 53. Kd4 Nd2 54. Ke3 Nb3 55. Bc4 Rb7 56. Kd3 Nc1+ 57. Kc3 Re7 58. Re5 Rc7 59. Re1 Na2+ 60. Kb3 Rc5 61. Re5 Nc1+ 62. Kb4 Rc8 63. Re1 Rb8+ 64. Kc3 Rb1 65. Re4 Rb7 66. Kc2 Kg7 67. Kxc1 f6 68. Kd2 fxg5 69. fxg5 Rb2+ 70. Ke3 Rg2 71. Re5 Rg4 72. Bd3 Rg3+ 73. Ke4 Kf7 74. Bc4+ Kf8 75. Kf4 Rg2 76. Re6 Kg7 77. Bd3 Rf2+ 78. Kg3 1-0

[Event "Budapest Vezerkepzo Fall GM"]
[Site "Budapest"]
[Date "2023.10.30"]
[Round "1"]
[White "Gutla, Aryan"]
[Black "Panesar, Vedant"]
[Result "1/2-1/2"]
[WhiteElo "2308"]
[BlackElo "2372"]
[PlyCount "124"]
[EventDate "2023.10.30"]
[EventType "tourn"]
[EventRounds "9"]
[EventCountry "HUN"]
[EventCategory "7"]
[SourceTitle "Mega2024 Update 01"]
[Source "Chessbase"]
[SourceDate "2023.11.12"]
[SourceVersion "1"]
[SourceVersionDate "2023.11.12"]
[SourceQuality "1"]

1. d4 Nf6 2. c4 e6 3. Nf3 d5 4. g3 dxc4 5. Bg2 Nbd7 6. 0-0 c6 7. a4 b6 8. Nfd2 Ba6 9. Bxc6 Rc8 10. Bb5 Bb7 11. Nc3 h5 12. e4 h4 13. Qe2 hxg3 14. fxg3 Be7 15. Bxc4 Nb8 16. Bb5+ Nc6 17. d5 exd5 18. Rxf6 Bc5+ 19. Kg2 Qxf6 20. exd5+ Kf8 21. dxc6 Bxc6+ 22. Bxc6 Qxc6+ 23. Qf3 Bd4 24. Qxc6 Rxc6 25. Nde4 f6 26. Bf4 g5 27. Bd6+ Kf7 28. Ba3 Bxc3 29. Nxc3 Rd8 30. Rf1 Rd4 31. h3 Re6 32. Rf2 Re3 33. Re2 Rxe2+ 34. Nxe2 Rxa4 35. Kf3 Rc4 36. Ke3 b5 37. Kd3 a6 38. b3 Rc8 39. Bb4 Rh8 40. Ng1 Ke6 41. Bc3 Rh7 42. Ke3 Rc7 43. Kd3 Rd7+ 44. Ke3 Ra7 45. Nf3 Rh7 46. Ng1 Kf5 47. Kd3 Kg6 48. g4 Rd7+ 49. Ke2 Ra7 50. Ba5 Re7+ 51. Kd2 f5 52. gxf5+ Kxf5 53. Kd3 Rd7+ 54. Ke2 Re7+ 55. Kd3 Re8 56. Ne2 Rh8 57. Ng1 Rh7 58. Ke3 Rh4 59. Kd3 b4 60. Bb6 Rf4 61. Be3 Rf1 62. Ne2 Kg6 1/2-1/2

[Event "Budapest Vezerkepzo Autumn GM"]
[Site "Budapest"]
[Date "2023.10.19"]
[Round "1"]
[White "Gutla, Aryan"]
[Black "Ochs, Daniel Elias"]
[Result "1-0"]
[WhiteElo "2308"]
[BlackElo "2300"]
[PlyCount "63"]
[EventDate "2023.10.19"]
[EventType "tourn"]
[EventRounds "9"]
[EventCountry "HUN"]
[EventCategory "6"]
[SourceTitle "Mega2024 Update 01"]
[Source "Chessbase"]
[SourceDate "2023.11.12"]
[SourceVersion "1"]
[SourceVersionDate "2023.11.12"]
[SourceQuality "1"]

1. d4 d5 2. c4 e6 3. Nf3 Nf6 4. g3 Bb4+ 5. Bd2 Be7 6. Bg2 0-0 7. 0-0 c6 8. Qc2 b6 9. Bf4 Bb7 10. Nbd2 Nbd7 11. e4 Nxe4 12. Nxe4 dxe4 13. Qxe4 Nf6 14. Qe2 c5 15. Rfd1 cxd4 16. Rxd4 Qc8 17. Ne5 Bxg2 18. Kxg2 Qc5 19. Rad1 Rfe8 20. Qf3 a5 21. Nc6 Bf8 22. Ne5 Be7 23. g4 h6 24. h4 g5 25. hxg5 hxg5 26. Bg3 Kf8 27. Nc6 Ng8 28. Nxe7 Nxe7 29. Bd6 Qc8 30. Qf6 Kg8 31. Bxe7 Qb7+ 32. Rd5 1-0

[Event "Sunnyvale Silicon Valley Fall op"]
[Site "Sunnyvale"]
[Date "2023.08.31"]
[Round "1"]
[White "Gutla, Aryan"]
[Black "Burke, John M"]
[Result "1/2-1/2"]
[WhiteElo "2290"]
[BlackElo "2604"]
[PlyCount "134"]
[EventDate "2023.08.31"]
[EventType "swiss"]
[EventRounds "9"]
[EventCountry "USA"]
[SourceTitle "EXT 2024"]
[Source "ChessBase"]
[SourceDate "2023.10.10"]
[SourceVersion "1"]
[SourceVersionDate "2023.10.10"]
[SourceQuality "1"]

1. e4 e5 2. Nf3 Nc6 3. Bb5 a6 4. Ba4 Nf6 5. 0-0 Be7 6. d3 b5 7. Bb3 d6 8. a3 Na5 9. Ba2 c5 10. Nc3 Be6 11. Bg5 0-0 12. Bxf6 Bxf6 13. Nd5 g6 14. b4 Nc6 15. c3 Bg7 16. Qd2 Rc8 17. Ng5 Bd7 18. f4 exf4 19. Qxf4 Ne5 20. d4 cxd4 21. cxd4 Nc4 22. Rad1 Be6 23. Bxc4 bxc4 24. Nc3 d5 25. exd5 Bxd5 26. Nge4 Rc6 27. Nxd5 Qxd5 28. Nc3 Qd7 29. Ne4 Bxd4+ 30. Kh1 Qa7 31. Nd6 Bg7 32. Nxc4 h5 33. Qe4 Qc7 34. Ne3 Re6 35. Nd5 Qxh2+ 36. Kxh2 Rxe4 37. Nf6+ Bxf6 38. Rxf6 a5 39. bxa5 Ra4 40. a6 Kg7 41. Rdf1 Rxa3 42. R1f2 Re3 43. Rb6 Ra3 44. Rf3 Ra2 45. Rbf6 g5 46. R3f5 Ra3 47. g3 Rc3 48. Kg2 Ra3 49. Kh2 Ra2+ 50. Kh3 Rc2 51. Rf2 Rc7 52. Rb6 Rc3 53. Kg2 f6 54. Ra2 Rfc8 55. Rf2 R3c6 56. Rxc6 Rxc6 57. Ra2 Rc8 58. a7 Ra8 59. Ra6 g4 60. Kf2 Kg6 61. Ke3 Kg5 62. Kd4 f5 63. Ke5 Re8+ 64. Re6 Rg8 65. Rf6 Re8+ 66. Re6 Rc8 67. Rc6 Re8+ 1/2-1/2

[Event "Charlotte Super op"]
[Site "Charlotte"]
[Date "2023.07.10"]
[Round "2"]
[White "Woodward, Andy"]
[Black "Gutla, Aryan"]
[Result "1-0"]
[WhiteElo "2476"]
[BlackElo "2315"]
[PlyCount "61"]
[EventDate "2023.07.09"]
[EventType "swiss"]
[EventRounds "9"]
[EventCountry "USA"]
[SourceTitle "CBM 215 Extra"]
[Source "ChessBase"]
[SourceDate "2023.09.30"]
[SourceVersion "1"]
[SourceVersionDate "2023.09.30"]
[SourceQuality "1"]

1. d4 Nf6 2. c4 g6 3. Nc3 d5 4. cxd5 Nxd5 5. e4 Nxc3 6. bxc3 Bg7 7. Nf3 c5 8. h3 0-0 9. Be2 b6 10. Be3 Bb7 11. Qd3 Ba6 12. Qd2 cxd4 13. cxd4 Bb7 14. Qd3 Ba6 15. Qc2 Qc8 16. Rc1 Qxc2 17. Rxc2 e6 18. Bxa6 Nxa6 19. Ke2 f5 20. a3 fxe4 21. Ng5 Rf5 22. Rhc1 Re8 23. g4 Rff8 24. Rc6 Rf6 25. Nxe4 Rff8 26. Ng5 Rf6 27. R1c4 e5 28. Rxf6 Bxf6 29. Ne4 Kg7 30. d5 Rd8 31. Ra4 1-0

[Event "Las Vegas National op"]
[Site "Las Vegas"]
[Date "2023.06.17"]
[Round "6"]
[White "Heimann, Mark A"]
[Black "Gutla, Aryan"]
[Result "0-1"]
[WhiteElo "2426"]
[BlackElo "2344"]
[PlyCount "148"]
[EventDate "2023.06.14"]
[EventType "swiss"]
[EventRounds "9"]
[EventCountry "USA"]
[SourceTitle "CBM 214 Extra"]
[Source "ChessBase"]
[SourceDate "2023.07.31"]
[SourceVersion "1"]
[SourceVersionDate "2023.07.31"]
[SourceQuality "1"]

1. e4 c5 2. Nf3 d6 3. d4 cxd4 4. Nxd4 Nf6 5. Nc3 Nc6 6. Bg5 g6 7. Bxf6 exf6 8. Bb5 Bd7 9. Qd2 Bg7 10. 0-0-0 0-0 11. Nb3 a6 12. Bxc6 Bxc6 13. Rhe1 f5 14. Nd4 fxe4 15. Nxe4 Bxe4 16. Rxe4 d5 17. Re2 Qh4 18. f4 Qxh2 19. Qe3 Bxd4 20. Rxd4 Rae8 21. Qxe8 Rxe8 22. Rxe8+ Kg7 23. Re2 h5 24. f5 gxf5 25. c3 f4 26. Rd3 Kg6 27. Kc2 f5 28. Rf2 Qh4 29. Rfd2 Qg4 30. Rf2 Qh4 31. Rfd2 Qg4 32. Rh3 Kf6 33. Rf3 Kg6 34. Kb3 Kh6 35. Rdf2 Qg8 36. Ka3 Qf8+ 37. Kb3 Qg8 38. Ka3 Qf8+ 39. b4 Qc8 40. Kb2 d4 41. a3 a5 42. cxd4 axb4 43. Rc2 bxa3+ 44. Rxa3 Qd7 45. Rd2 Qd5 46. Rc3 Qb5+ 47. Kc1 Qd5 48. Kd1 b6 49. Ke1 Kg5 50. Kf2 Qa5 51. Rcd3 Qd5 52. Kg1 b5 53. Kh2 h4 54. Kh3 Kh5 55. Rf3 Kg5 56. Rfd3 Kf6 57. Rb2 Qe4 58. Rbb3 b4 59. d5 Ke7 60. d6+ Kd7 61. Rf3 Kxd6 62. Kxh4 Qe7+ 63. Kh5 Qh7+ 64. Kg5 Ke5 65. Rbd3 Qg7+ 66. Kh5 Qxg2 67. Rh3 Qg8 68. Kh6 Qg4 69. Kh7 Qg5 70. Rhf3 Kf6 71. Rd6+ Kf7 72. Rd7+ Kf8 73. Rh3 Qg8+ 74. Kh6 Qe6+ 0-1

[Event "Las Vegas National op"]
[Site "Las Vegas"]
[Date "2023.06.15"]
[Round "3"]
[White "Gutla, Aryan"]
[Black "Hong, Andrew Z"]
[Result "1/2-1/2"]
[WhiteElo "2344"]
[BlackElo "2517"]
[PlyCount "81"]
[EventDate "2023.06.14"]
[EventType "swiss"]
[EventRounds "9"]
[EventCountry "USA"]
[SourceTitle "CBM 214 Extra"]
[Source "ChessBase"]
[SourceDate "2023.07.31"]
[SourceVersion "1"]
[SourceVersionDate "2023.07.31"]
[SourceQuality "1"]

1. d4 Nf6 2. c4 e6 3. Nf3 d5 4. g3 Be7 5. Bg2 0-0 6. 0-0 dxc4 7. Qc2 a6 8. a4 Bd7 9. Qxc4 Bc6 10. Bg5 Nbd7 11. Nc3 a5 12. Rfd1 h6 13. Bxf6 Nxf6 14. Rac1 Bb4 15. e3 Qe7 16. Ne5 Bxg2 17. Kxg2 c6 18. Qb3 Rfd8 19. Nb1 h5 20. Nd2 Qd6 21. Ndf3 Qd5 22. Qc2 Ne4 23. h4 Rac8 24. Nc4 Rc7 25. Nb6 Qf5 26. Ng5 Nd6 27. Qxf5 Nxf5 28. Ne4 Ne7 29. Nc4 Nd5 30. Ne5 f6 31. Nd3 Be7 32. Nec5 Kf7 33. Kf3 g6 34. Nb3 Ra8 35. Nbc5 Rd8 36. Ke2 Bf8 37. Nb3 Ra8 38. Nbc5 Rd8 39. Rg1 b6 40. Ne4 Rdc8 41. Nd2 1/2-1/2

[Event "Chesterfield SPICE Cup op"]
[Site "Chesterfield"]
[Date "2022.12.23"]
[Round "9"]
[White "Gutla, Aryan"]
[Black "Macovei, Andrei"]
[Result "1/2-1/2"]
[WhiteElo "2227"]
[BlackElo "2482"]
[PlyCount "85"]
[EventDate "2022.12.18"]
[EventType "swiss"]
[EventRounds "9"]
[EventCountry "USA"]
[SourceTitle "CBM 212 Extra"]
[Source "ChessBase"]
[SourceDate "2023.03.31"]
[SourceVersion "1"]
[SourceVersionDate "2023.03.31"]
[SourceQuality "1"]

1. d4 Nf6 2. c4 e6 3. Nf3 d5 4. g3 Be7 5. Bg2 0-0 6. 0-0 dxc4 7. Qc2 b5 8. a4 Bb7 9. axb5 a6 10. bxa6 Nxa6 11. Qxc4 Bd5 12. Qc2 Nb4 13. Rxa8 Qxa8 14. Qxc7 Bd8 15. Qf4 Na2 16. Nc3 Nxc3 17. bxc3 Qc8 18. Ba3 Re8 19. Rc1 Qa6 20. Bc5 Qxe2 21. Ne5 Bxg2 22. Kxg2 Bc7 23. Qf3 Qe4 24. Qxe4 Nxe4 25. Bb4 Ra8 26. Rc2 h5 27. f3 Nf6 28. c4 g5 29. Be7 Kg7 30. Nd3 Ra1 31. Nf2 Re1 32. Bb4 Rb1 33. Bd2 Kg6 34. h3 Rb3 35. g4 Ra3 36. Bb4 Rb3 37. Bd2 Ra3 38. Bb4 Rb3 39. Be7 Ng8 40. Bf8 Nf6 41. Be7 Ng8 42. Bc5 Nf6 43. Be7 1/2-1/2

[Event "Hollywood Masters op"]
[Site "Los Angeles"]
[Date "2022.10.27"]
[Round "3"]
[White "Krishnan, Varun"]
[Black "Gutla, Aryan"]
[Result "0-1"]
[WhiteElo "2373"]
[BlackElo "2036"]
[PlyCount "138"]
[EventDate "2022.10.26"]
[EventType "swiss"]
[EventRounds "9"]
[EventCountry "USA"]
[SourceTitle "EXT 2024"]
[Source "ChessBase"]
[SourceDate "2023.10.10"]
[SourceVersion "1"]
[SourceVersionDate "2023.10.10"]
[SourceQuality "1"]

1. e4 c5 2. Nf3 d6 3. d4 cxd4 4. Nxd4 Nf6 5. Nc3 g6 6. Be3 Bg7 7. Be2 0-0 8. Qd2 Nc6 9. 0-0-0 Ng4 10. Bxg4 Bxg4 11. f3 Be6 12. Nxe6 fxe6 13. Bh6 Qa5 14. Bxg7 Kxg7 15. h4 h6 16. f4 Rad8 17. h5 g5 18. g3 Rf7 19. Kb1 Rdf8 20. Rhg1 Kh7 21. Qd3 Qa6 22. Qd2 Qa5 23. e5 gxf4 24. gxf4 dxe5 25. Qd3+ e4 26. Qxe4+ Qf5 27. Qe2 e5 28. fxe5 Qxe5 29. Qd3+ Qf5 30. Ne4 Rd8 31. Qc4 Rxd1+ 32. Rxd1 Qxh5 33. Re1 Qg6 34. a3 Ne5 35. Qd5 Nf3 36. Rd1 e6 37. Qd3 Ne5 38. Qe3 Ng4 39. Qe2 b6 40. Rg1 h5 41. Rh1 Rf5 42. Qd3 Rd5 43. Qc4 Re5 44. Qc7+ Qg7 45. Qc6 Qg6 46. Nd6 Nf6 47. Qf3 Rd5 48. Qf4 e5 49. Qb4 Rd4 50. Nc4 Qe8 51. Rf1 Qe6 52. Qf8 Rf4 53. Rg1 Ng4 54. Qd6 Qxc4 55. Qd1 Qf7 56. Rh1 Rf5 57. Qe2 Kg7 58. Rd1 Qe6 59. Qe4 Rf4 60. Qa8 Rf7 61. b3 e4 62. Rd8 Qe5 63. Ka2 Rf1 64. Qxa7+ Kh6 65. Qxb6+ Qf6 66. Rh8+ Kg7 67. Qxf6+ Nxf6 68. Rd8 e3 69. Rd3 e2 0-1

[Event "Hollywood Classic 3rd"]
[Site "Los Angeles"]
[Date "2022.08.03"]
[Round "1"]
[White "Ostrovskiy, Aleksandr A"]
[Black "Gutla, Aryan"]
[Result "1/2-1/2"]
[WhiteElo "2369"]
[BlackElo "2038"]
[PlyCount "68"]
[EventDate "2022.08.03"]
[EventType "swiss"]
[EventRounds "9"]
[EventCountry "USA"]
[SourceTitle "CBM 209 Extra"]
[Source "ChessBase"]
[SourceDate "2022.09.30"]
[SourceVersion "1"]
[SourceVersionDate "2022.09.30"]
[SourceQuality "1"]

1. e4 c5 2. Nf3 d6 3. Nc3 Nf6 4. d4 cxd4 5. Qxd4 Nc6 6. Qd3 g6 7. Nd5 Bg7 8. c3 0-0 9. Bg5 Nxd5 10. exd5 Bf5 11. Qd2 Na5 12. Be2 Rc8 13. 0-0 Nc4 14. Bxc4 Rxc4 15. Rfe1 Re8 16. Rac1 Re4 17. c4 Qc8 18. b3 e5 19. dxe6 Rxe1+ 20. Rxe1 Rxe6 21. Be3 b6 22. h3 Qc6 23. Nd4 Bxd4 24. Qxd4 Qe4 25. Qa1 Qe5 26. Qc1 h5 27. Rd1 Be4 28. Bf4 Qf6 29. Qd2 Qf5 30. Bxd6 Bc2 31. Re1 Qd3 32. Bb4 Qxd2 33. Bxd2 Rxe1+ 34. Bxe1 Bb1 1/2-1/2